Clicky-oke: Jesus, The Very Thought of Thee Quiz Stats

Quiz not verified by Sporcle

Challenge
Share
Tweet
Embed
Score 0/20 Timer 05:00
0 Plays Today
% Correct
thought
75%
Savior
58.3%
contrite
58.3%
eternity
58.3%
blest
55.6%
face
54.2%
know
54.2%
Jesus
52.8%
glory
52.8%
kind
51.4%
% Correct
tongue
50%
seek
47.2%
meek
45.8%
presence
43.1%
sweetness
41.7%
memory
41.7%
prize
38.9%
find
36.1%
love
34.7%
heart
27.8%

You're not logged in!

Compare scores with friends on all Sporcle quizzes.
Sign Up with Email
OR
Log In

You Might Also Like...

Show Comments

Extras

Top Quizzes Today


Score Distribution

Your Account Isn't Verified!

In order to create a playlist on Sporcle, you need to verify the email address you used during registration. Go to your Sporcle Settings to finish the process.

Report this User

Report this user for behavior that violates our Community Guidelines.

Details: